000 00554nam a2200169Ia 4500
003 GCL
008 140319s9999 xx 000 0 ara d
040 _aGCL /
_cGCL
082 0 4 _a415.2
_bع م
100 1 _aعبدالعال سالم مكرم
245 1 0 _aالمدرسة النحوية فى مصر والشام فى القرنين السابع والثامن من الهجرة /
_cعبدالعال سالم مكرم
300 _a492 ص
490 _a
650 0 4 _aالنحو
650 0 4 _aاللغة العربية - النحو
942 _2ddc
_cBK
999 _c39345
_d39345